000 00510nam a2200193Ia 4500
003 GCL
008 140319s9999 xx 000 0 eng d
040 _aGCL /
_cGCL
082 0 4 _a801.95
_bR M
100 1 _aRICE, PHILIP
245 1 0 _aMODERN LITERARY THEORY: A READER /
_cRICE, PHILIP
700 1 _aWAUGH, PATRICIA
260 _a[S.N] :
_bARNOLD PUBLISHERS ،
_c1996
300 _a385 P
650 0 4 _aLITERATURE
650 0 4 _aLITERATURE - HISTORY
650 0 4 _aLITERATURE - CRITICISM
942 _2ddc
_cBK
999 _c13171
_d13171